00341pab a2200133 454500008004000000100002000040245005700060260000900117300001300126362001000139650001200149700002600161773002000187180718b2008 xxu||||| |||| 00| 0 eng d aGhanshyam, G.A. aColonial to global: changing perspectives of English c2008 ap.10-13. a7 Jul aEnglish aChakravarti, Devasree aUniversity News